Evocación de Francisco Salgado de Somoza (Record no. 189506)

MARC details
000 -LEADER
campo de control de longitud fija 00952nam a2200205 i 4500
001 - NÚMERO DE CONTROL
campo de control 189506
003 - IDENTIFICADOR DE NÚMERO DE CONTROL
campo de control SpMaBN
005 - FECHA Y HORA DE LA ÚLTIMA TRANSACCIÓN
campo de control 20251012212819.0
008 - DATOS DE LONGITUD FIJA--INFORMACIÓN GENERAL
campo de control de longitud fija 190605s1981 sp |||| |dspa d
080 ## - NÚMERO DE LA CLASIFICACIÓN DECIMAL UNIVERSAL
Número de la Clasificación Decimal Universal 929:34 Salgado de Somoza, Francisco(042)
100 1# - ENTRADA PRINCIPAL--NOMBRE DE PERSONA
Nombre de persona Ogando Vázquez, Julio Francisco.
9 (RLIN) 86562
245 10 - MENCIÓN DEL TÍTULO
Título Evocación de Francisco Salgado de Somoza
Resto del título : discurso /
Mención de responsabilidad, etc. pronunciado el día 13 de julio de 1976, en la solemne sesión celebrada en La Coruña, por el académico de honor... Don Julio Francisco Ogando Vázquez ; [intervención de... Don Manuel Iglesias Corral].
260 ## - PUBLICACIÓN, DISTRIBUCIÓN, ETC.
Lugar de publicación, distribución, etc. La Coruña :
Nombre del editor, distribuidor, etc. Academia Gallega de Jurisprudencia y Legislación,
Fecha de publicación, distribución, etc. 1981.
300 ## - DESCRIPCIÓN FÍSICA
Extensión 40 p. ;
Dimensiones 27 cm.
600 17 - PUNTO DE ACCESO ADICIONAL DE MATERIA--NOMBRE DE PERSONA
Nombre de persona Salgado de Somoza, Francisco,
Fechas asociadas al nombre 1595?-1665
Fuente del encabezamiento o término
9 (RLIN) 167282
700 1# - ENTRADA AGREGADA--NOMBRE PERSONAL
Nombre de persona Iglesias Corral, Manuel.
9 (RLIN) 158835
710 2# - ENTRADA AGREGADA--NOMBRE DE ENTIDAD CORPORATIVA
Nombre de entidad corporativa o nombre de jurisdicción como elemento de entrada Academia Gallega de Jurisprudencia y Legislación.
9 (RLIN) 1197
852 ## - LOCALIZACIÓN
Ubicación ES-MaACL
Número de control de estantería 2341-F-10
Holdings
Estatus retirado Estado de pérdida Estado de daño No para préstamo Colección Biblioteca de origen Biblioteca actual Ubicación en estantería Fecha de adquisición Fuente de adquisición Total de préstamos Signatura topográfica completa Código de barras Visto por última vez Precio de reemplazo Tipo de ítem Koha
        Colección de folletos Biblioteca del Ateneo de Madrid Biblioteca del Ateneo de Madrid Depósito folletos 05/06/2019     2341-F-10 1200798 23/02/2023 23/02/2023 Folleto